000 00481nam a2200169 i 4500
001 81378
003 ES-MaACL
005 20230906174427.0
007 t|
008 041104s1905 sp ||||1| spa d
100 1 _aHoyos y Vinent, Antonio de,
_dca. 1885-1940
_964441
245 1 0 _aFrivolidad
_b: (novela) /
_cAntonio de Hoyos y Vinent.
260 _aMadrid :
_bIdamor Moreno,
_c1905.
300 _a275 p. ;
_c19 cm.
852 _aES-MaACL
_jG-9684
999 _c81378
_d81378